| 000 | 00757nam a2200229 a 4500 | ||
|---|---|---|---|
| 001 | 64712 | ||
| 003 | BD-RjUL | ||
| 005 | 20211209081336.0 | ||
| 008 | 170219s1966 bg ||||| |||| 00| f ben d | ||
| 020 | _c: Tk. 2.25 | ||
| 035 | _a(BD-RjUL)64842 | ||
| 040 |
_aBD-RjUL _beng _cBD-RjUL |
||
| 041 | _aben | ||
| 082 |
_223 _a891.443 _bAKM 1966 |
||
| 100 |
_aআকবরউদ্দীন _9177820 |
||
| 245 | 1 | 0 |
_aমাটির মানুষ / _cআকবরউদ্দীন |
| 260 |
_aঢাকা : _bসাইনিং বুক এজেন্সি, _c১৯৬৬ |
||
| 300 |
_a[৬], ১০৫ পৃ. ; _c১৮ সেমি. |
||
| 650 |
_aবাংলা উপন্যাস _9170454 |
||
| 650 |
_aBengali Fiction _9170455 |
||
| 942 |
_2ddc _cBK |
||
| 999 |
_c64712 _d64712 |
||